Resource engineering & technology for a sustainable world.

Detalles Bibliográficos
Título anterior:Agricultural engineering
Within ASAE
Autor Corporativo: American Society of Agricultural Engineers
Formato: Electrónico Revista
Lenguaje:inglés
Publicado: Gainesville, Florida : Naylor LLC
St. Joseph, Michigan : American Society of Agricultural and Biological Engineers
Materias:
Acceso en línea:Full text available from Research Library: 08/01/1994 to present

MARC

LEADER 00000nas a22000007i 4500
001 ssj0001566
003 WaSeSS
005 20200512172242.0
006 m d
007 cr n
008 050614c19949999flubr p s | a0eng
010 |a  2013203052 
022 |a 2330-0442  |l 1076-3333  |y 1076-3333 
035 |a (WaSeSS)ssj0001566 
037 |b American Society of Agricultural and Biological Engineers, 2950 Niles Road, St. Joseph, Michigan 49085  |c $90.00 
040 |a OCLCS  |b eng  |c OCLCS  |d CO3  |d OCLCQ  |d DLC  |d OCLCF  |d OCLCO  |d CUS  |d ZAC  |d OCLCQ  |d WaSeSS 
042 |a pcc  |a nsdp 
043 |a n-us--- 
050 1 4 |a S671 
082 1 0 |a 681/.763/05  |2 23 
130 0 |a Resource (Saint Joseph, Mich.) 
210 0 |a Resource  |b (St. Joseph Mich., Online) 
222 0 |a Resource  |b (Saint Joseph, Mich. Online) 
245 1 0 |a Resource  |h [electronic resource] :  |b engineering & technology for a sustainable world. 
246 1 |i Also called on website:  |a Resource magazine 
260 |a Gainesville, Florida :  |b Naylor LLC 
260 3 |3 2009- :  |a St. Joseph, Michigan :  |b American Society of Agricultural and Biological Engineers 
310 |a Bimonthly,  |b 2010- 
321 |a Monthly,  |b 1994-2003 
321 |a Eight times a year,  |b 2004-2009 
362 1 |a Began with: Vol. 1, no. 1 (May 1994). 
506 |a License restrictions may limit access. 
538 |a Mode of access: World Wide Web. 
580 |a Merger of: Agricultural engineering, and: Within ASAE. 
588 |a Description based on: Vol. 15, no. 4 (June 2008); title from pdf title page (elibrary.asabe.org website, viewed July 15, 2013). 
588 |a Latest issue consulted: Vol. 20, no. 1 (January/February 2013) (viewed July 15, 2013). 
610 2 0 |a American Society of Agricultural Engineers  |v Periodicals. 
610 2 7 |a American Society of Agricultural Engineers.  |2 fast  |0 (OCoLC)fst00532003 
650 0 |a Agricultural engineering  |v Periodicals. 
650 7 |a Agricultural engineering.  |2 fast  |0 (OCoLC)fst00800726 
655 0 |a Electronic journals. 
710 2 |a American Society of Agricultural Engineers. 
776 0 8 |i Print version:  |t Resource (Saint Joseph, Mich.)  |x 1076-3333  |w (DLC) 94641075  |w (OCoLC)30454689 
780 1 4 |t Agricultural engineering  |w (OCoLC)563179076 
780 1 4 |t Within ASAE 
787 1 |a American Society of Agricultural and Biological Engineers.  |t ASABE annual report 
856 4 0 |z Full text available from Research Library: 08/01/1994 to present  |u https://search.proquest.com/publication/33785